000 00363nam a2200145Ia 4500
008 230711s9999||||xx |||||||||||||| ||und||
041 _aENG
082 _a621
_bIN-I
100 _aIndulkar,CS
245 0 _aElectrical Engineering Materials
250 _a1st . Ed.
260 _c2006
_aNew Jersey
_bPrentice-Hall Ltd
650 _aElectrical Engineering
942 _cBK
999 _c105
_d105